|
|
|
|
| LEADER |
01076nam a22002892a 4500 |
| 001 |
001396394 |
| 003 |
CZ BrMZK |
| 005 |
20150125201713.0 |
| 007 |
ta |
| 008 |
140623s1960 xr bf er|||||||||||eng d |
| 015 |
|
|
|a cnb000687728
|
| 035 |
|
|
|a (OCoLC)85465021
|
| 040 |
|
|
|a ABA001
|b cze
|c HKA001
|d BOA001
|
| 041 |
1 |
|
|a eng
|h cze
|h slo
|
| 080 |
|
|
|a 551.24(437)(084.3)
|
| 080 |
|
|
|a [912.437:551.24(082)=2
|
| 245 |
0 |
0 |
|a Tectonic development of Czechoslovakia :
|b collected papers and the tectonic map 1:1000000
|c Compiled by Tibor Budady a kol. ; translated by Margaret Kalinová, Jana Košáková, Helena Zárubová
|
| 250 |
|
|
|a 1. vyd.
|
| 260 |
|
|
|a Praha :
|b Československá akademie věd,
|c 1960
|
| 300 |
|
|
|a 226 s. : obr. příl.
|b barev. mp. ;
|c 8°
|
| 504 |
|
|
|a Obsahuje bibliografii
|
| 700 |
1 |
|
|a Buday, Tibor,
|d 1913-2001
|7 jn99240000107
|4 edt
|
| 710 |
2 |
|
|a Ústřední ústav geologický
|7 kn20010725011
|
| 910 |
|
|
|a BOA001
|b 2-0443.343
|
| 990 |
|
|
|a BK
|
| 991 |
|
|
|b 201406
|
| 996 |
6 |
|
|b 2619084001
|c 2-0443.343
|l MZK
|r Sklad / do 24 hodin
|n 0
|w 001431429
|u 000010
|a 1
|e BOA001
|j MZK50
|s P
|